La Guerra civil sin reconocimiento de beligerancia / Pedro Cortina Mauri
Publicado:
Madrid :
Consejo Superior de Investigaciones Científicas. Instituto Francisco de Vitoria ,
1940
Descripción Física:
43 p. ; 23 cm
Colección:
Cuadernos de derecho internacional ; 1
Materias:
Guerra
MARC
| LEADER | 00000nam a2200000Ia 4500 | ||
|---|---|---|---|
| 001 | 752 | ||
| 003 | BGR | ||
| 005 | 20260410113648.0 | ||
| 008 | 160829s1940 xx 000 0 cat d | ||
| 080 | |a FU-7-44 | ||
| 100 | |a Cortina Mauri, Pedro |9 28310 | ||
| 245 | |a La Guerra civil sin reconocimiento de beligerancia / Pedro Cortina Mauri | ||
| 260 | |a Madrid : |b Consejo Superior de Investigaciones Científicas. Instituto Francisco de Vitoria, |c 1940 | ||
| 300 | |a 43 p. ; |c 23 cm | ||
| 490 | |a Cuadernos de derecho internacional ; 1 | ||
| 650 | |a Guerra |9 28311 | ||
| 710 | 2 | |a Consejo Superior de Investigaciones Científicas (CSIC) (Espanya) |9 53988 | |
| 710 | 2 | |a Instituto Francisco de Vitoria |9 71155 | |
| 856 | 4 | |u https://media.diba.cat/diba/fitxers/arxiu/fulletons/bib_752_baixa.pdf |y Accés lliure | |
| 856 | 4 | |u https://media.diba.cat/diba/fitxers/arxiu/fulletons/bib_752_baixa.pdf |y Accés lliure | |
| 900 | |a bib_752_baixa.pdf | ||
| 901 | |a Arxiu | ||
| 942 | |n 1 |2 udc |c MON | ||
| 952 | |0 0 |1 0 |4 0 |6 FU744 |7 1 |9 44776 |a Arxiu |b Arxiu |d 2016-12-01 |l 0 |o FU-7-44 |p 752 |r 2016-12-01 00:00:00 |w 2016-12-01 |y ARXIU | ||
| 999 | |c 47359 |d 47359 | ||